Statistiques concernant Demies-finales des Coupes du monde de rugby.

Cliquez ici pour prendre le quiz!

Statistiques générales

  • Ce quiz a été pris 57 fois
  • Le résultat moyen est 16 sur 16

Statistiques - réponses

Année Demi-finaliste qualifié Score Demi-finaliste non-qualifié % Correct
Australie16-6Nouvelle-Zélande
100%
1995Afrique du Sud19-15France
100%
France43-31Nouvelle-Zélande
100%
2003Australie22-10Nouvelle-Zélande
100%
Angleterre24-7France
100%
2007Angleterre14-9France
100%
Nouvelle-Zélande49-6Pays de Galles
98%
1991Angleterre9-6Ecosse
98%
Nouvelle-Zélande45-29Angleterre
98%
1999Australie27-21Afrique du Sud
98%
Afrique du Sud37-13Argentine
98%
2011France9-8Pays de Galles
98%
2015Nouvelle-Zélande20-18Afrique du Sud
98%
Australie29-15Argentine
98%
1987France30-24Australie
96%
Nouvelle-Zélande20-6Australie
96%

Distribution des résultats

Percentile by Number Answered

% des personnes avec chaque résultat

Votre développement - résultats

Vous n’avez pas pris ce quiz